| 000 | 00416nam a2200145 i 4500 | ||
|---|---|---|---|
| 001 | bg | ||
| 100 | 1 | _aBŁASZCZYK, Barbara | |
| 245 | 0 |
_aCzas reformy : _bfunkcjonowanie samorządu pracowniczego.Z. 4 / _cBarbara Błaszczyk, Wladysław Jermakowicz. |
|
| 260 |
_aWarszawa, _c1983. |
||
| 700 | 1 | _aJERMAKOWICZ, Władysław | |
| 040 | _cBPK | ||
| 041 | _apol | ||
| 942 | _cKS | ||
| 008 | s pl f |000 0 pol | ||
| 999 |
_c21896 _d21896 |
||
| 856 |
_uhttp://koha.tu.koszalin.pl/cgi-bin/koha/opac-detail.pl?biblionumber=21896 _yKatalog online BPK |
||